000 00996nam0a22002891 4500
001 rc\4670795
005 20250612150100.0
021 _aRU
_b[61-683]
035 _a(NLR Aleph) 008702171
090 _a9305642
_c9305642
100 _a20130416d1960 |||y0rusy50 ca
101 0 _arus
102 _aRU
105 _aa z |||||
200 1 _aЗанимательная энтомология
_f[Ил.: Н. Кондаков и Л. Хайлов]
210 _aМосква
_cДетгиз
_d1960
215 _a191 с., 8 л. ил.
_cил.
225 1 _aШкольная библиотека
_iДля средней школы
606 _aЭнтомология занимательная (д. л.)
_2psbo
700 1 _aПлавильщиков
_bН.Н.
_f1892-1962
_gНиколай Николаевич
702 1 _aКондаков
_bН.
_4440
702 1 _aХайлов
_bЛ.
_4440
801 0 _aRU
_bNLR
_gpsbo
801 1 _aRU
_bELAR
_2rusmarc
852 _aNLR
_j61-5/283
942 _cBOOK
980 _aNB